Normal view
MARC view
Entry Personal Name
001 - CONTROL NUMBER
- control field: 70428
003 - CONTROL NUMBER IDENTIFIER
- control field: dpl
005 - DATE AND TIME OF LATEST TRANSACTION
- control field: 20240822144843.0
008 - FIXED-LENGTH DATA ELEMENTS
- fixed length control field: 240822|| aca||aabn | a|a d
040 ## - CATALOGING SOURCE
- Original cataloging agency: dpl
- Transcribing agency: dpl
100 ## - HEADING--PERSONAL NAME
- Personal name: शतपथी,पारमिता
670 ## - SOURCE DATA FOUND
- Source citation: Work cat.: (dpl)205206: शतपथी,पारमिता , अँधेरे में आँखे/, 2022
